Ważniejsze obiekty fizyczno-geograficzne - Statystyki

Ogólne statystyki
  • Ten quiz został rozwiązany 97 razy
    38 od ostatniego zresetowania
  • Średni wynik to 53 z 90
Statystyki odpowiedzi
Obrazkowy Odpowiedź % Poprawnych
Łódzkie
80%
Białystok
75%
Gdańsk
75%
Łebsko
75%
Łódź
75%
Lublin
75%
Małopolskie
75%
Odra
75%
Olsztyn
75%
opolskie
75%
Śniardwy
75%
Tatry
75%
Toruń
75%
Warmińsko-mazurskie
75%
Warszawa
75%
Wrocław
75%
Bieszczady
70%
Bydgoszcz
70%
dolnośląskie
70%
Gdynia
70%
Gorzów Wielkopolski
70%
Katowice
70%
Kraków
70%
Kujawsko-pomorskie
70%
Lubuskie
70%
Mazowieckie
70%
Ostrołęka
70%
Podlaskie
70%
Pomorskie
70%
Śląskie
70%
Szczecin
70%
Wielkopolskie
70%
Wisła
70%
Zachodniopomorskie
70%
Zakopane
70%
Góry Świętokrzyskie
65%
Lubelskie
65%
Opole
65%
Płock
65%
Podkarpackie
65%
Pojezierze Mazurskie
65%
Polesie Lubelskie
65%
Poznań
65%
Radom
65%
Rzeszów
65%
Siedlce
65%
Sudety
65%
Świętokrzyskie
65%
Warta
65%
Zalew Szczeciński
65%
Żuławy Wiślane
65%
Bug
60%
Kielce
60%
Narew
60%
Wkra
60%
Zalew Wiślany
60%
Karpaty
55%
Nizina Mazowiecka
55%
Nizina Wielkopolska
55%
Pojezierze Wielkopolskie
55%
San
55%
Wigry
55%
Biebrza
50%
Karkonosze
50%
Nizina Śląska
50%
Nysa Łużycka
50%
Pobrzeże Szczecińskie
50%
Bzura
45%
Hańcza
45%
Nizina Podlaska
45%
Pojezierze Pomorskie
45%
Prosna
45%
Wieprz
45%
Wyżyna Krakowsko-Częstochowska
45%
Wyżyna Śląska
45%
Bóbr
40%
Dunajec
40%
Noteć
40%
Pobrzeże Gdańskie
40%
Pobrzeże Koszalińskie
40%
Wyżyna Lubelska
40%
Barycz
35%
Nysa Kłodzka
35%
Jeziorsko
30%
Pilica
30%
Nida
25%
Sulejowskie
25%
Zegrzyńskie
25%
Niecka Nidziańska
20%
Włocławskie
20%
Nie znaleziono quizów pasujących do podanych kryteriów
Rozkład punktacji
Procent ludzi z każdym wynikiem
Percentyl według liczby udzielonych odpowiedzi
Twoja historia wyników
Nie rozwiązałeś tego quizu od ostatniego zresetowania